Normal view
MARC view
Entry Personal Name
001 - CONTROL NUMBER
- control field: 6516
003 - CONTROL NUMBER IDENTIFIER
- control field: ARRUPE
005 - DATE AND TIME OF LATEST TRANSACTION
- control field: 20140106123935.0
008 - FIXED-LENGTH DATA ELEMENTS
- fixed length control field: 140106|| aca||aabn | a|a d
040 ## - CATALOGING SOURCE
- Original cataloging agency: ARRUPE
- Transcribing agency: ARRUPE
100 ## - HEADING--PERSONAL NAME
- Personal name: Robinson, Geoffrey
670 ## - SOURCE DATA FOUND
- Source citation: Work cat.: (ARRUPE): Robinson, Geoffrey, Marriage divorce and nullity, 1987